Keď je povolanie záľubou Hovoríme so sólistom opery SND Petrom Mikulášom

Bibliographic Details
Main Authors: Mikuláš, Peter, 1954- (Author), Schirlbauer, Anna (Author)
Format: Article
Language:Slovak
Subjects:

MARC

LEADER 00000nab a2200000 a 4500
001 vtls000132653
003 SK-MaSNL
005 20260303032332.0
008 160215c1982 xo 0 slo
015 |a SNBRB19rr/mm-uuuuu 
035 |a CL0142759 
040 |a SNKBUCL  |b slo  |c SNKBUCL  |e AACR2 
041 0 |a slo 
044 |a xo  |c SK 
080 |a 78.071  |2 1981 
080 |a 929 Mikuláš, Peter  |2 1981 
100 1 |a Mikuláš, Peter,  |d 1954-  |4 aut  |9 109860 
245 1 0 |a Keď je povolanie záľubou  |b Hovoríme so sólistom opery SND Petrom Mikulášom  |c Peter Mikuláš, Anna Grossmannová 
300 |b Obr. 1. 
600 1 7 |a Mikuláš, Peter,  |d 1954-  |2 snkbucl  |9 109860 
655 7 |a články z novín a časopisov  |2 snkbucl  |9 267496 
700 1 |a Schirlbauer, Anna  |4 aut  |9 159159 
773 0 |t Smena  |g Roč. 35, č. 282 (27. 11. 1982), s. 6 
850 |a Slovenská národná knižnica v Martine  |a MTA001 
852 |a SNK  |b KIS3GCP 
958 |a BX 
958 |a RK 
992 |a RBX 
999 |c 1663803  |d 1665733